[Event "CHI-ch "]
[Site "Santiago de Chile"]
[Date "2002.02.12"]
[Round "1"]
[White "Frey Perez, Hugo"]
[Black "Castillo, Alvaro"]
[Result "1-0"]
[WhiteElo "2303"]
[BlackElo "2048"]
[PlyCount "68"]
[EventDate "2002.02.12"]
[EventType "swiss"]
[EventRounds "11"]
[EventCountry "CHI"]
[SourceTitle "CBM 086 Extra"]
[Source "ChessBase"]
[SourceDate "2002.03.14"]
[SourceVersion "1"]
[SourceVersionDate "2002.03.14"]
[SourceQuality "1"]

1. e4 e5 2. Nf3 Nc6 3. Bc4 Be7 4. d4 d6 5. dxe5 dxe5 6. Qe2 Bg4 7. c3 Nf6 8. Nbd2 0-0 9. h3 Bd7 10. g4 Bd6 11. Nh4 Nh5 12. Nf5 Nf4 13. Qf3 Be6 14. Bb5 a6 15. Ba4 Be7 16. Bc2 Bh4 17. Nf1 Bc4 18. Nxh4 Qxh4 19. Bxf4 exf4 20. Qxf4 Qd8 21. Ne3 Be6 22. 0-0 f6 23. Qg3 Qd7 24. Rad1 Qf7 25. Nd5 Rad8 26. f4 Kh8 27. Bb3 Ne7 28. c4 c6 29. Nb6 g6 30. Kh2 f5 31. gxf5 gxf5 32. e5 Qh5 33. Rg1 Ng6 34. Rd6 Rg8 1-0